Indian Constitutional Law/ (Record no. 1428936)

MARC details
000 -LEADER
fixed length control field 00736nam a22002417a 4500
005 - DATE AND TIME OF LATEST TRANSACTION
control field 20250521113454.0
008 - FIXED-LENGTH DATA ELEMENTS--GENERAL INFORMATION
fixed length control field 250521b |||||||| |||| 00| 0 eng d
037 ## - SOURCE OF ACQUISITION
Terms of availability TB
040 ## - CATALOGING SOURCE
Original cataloging agency LCT
Transcribing agency LCT
041 ## - LANGUAGE CODE
Source of code eng
Language code of text/sound track or separate title eng
Language code of original eng
084 ## - COLON CLASSIFICATION NUMBER
Classification number V2:2: (Z) Q18
100 ## - MAIN ENTRY--PERSONAL NAME
Personal name Jain, M.P.
9 (RLIN) 808620
245 ## - TITLE STATEMENT
Title Indian Constitutional Law/
250 ## - EDITION STATEMENT
Edition statement 8th ed.
260 ## - PUBLICATION, DISTRIBUTION, ETC.
Place of publication, distribution, etc. Gurgaon, India:
Name of publisher, distributor, etc. Lexis Nexis,
Date of publication, distribution, etc. 2028
300 ## - PHYSICAL DESCRIPTION
Extent cclv, 2059p.
650 ## - SUBJECT ADDED ENTRY--TOPICAL TERM
Topical term or geographic name entry element Constitution of India
650 ## - SUBJECT ADDED ENTRY--TOPICAL TERM
Topical term or geographic name entry element constitutional jurisprudence
9 (RLIN) 747484
650 ## - SUBJECT ADDED ENTRY--TOPICAL TERM
Topical term or geographic name entry element Goods and Services Tax
9 (RLIN) 747485
650 ## - SUBJECT ADDED ENTRY--TOPICAL TERM
Topical term or geographic name entry element Constitutional amendments and comments
9 (RLIN) 747486
650 ## - SUBJECT ADDED ENTRY--TOPICAL TERM
Topical term or geographic name entry element Reservation
9 (RLIN) 747487
942 ## - ADDED ENTRY ELEMENTS (KOHA)
Source of classification or shelving scheme Colon Classification (CC)
Koha item type Reference
Classification part V2:2: (Z) Q18
Suppress in OPAC No
Holdings
Withdrawn status Lost status Source of classification or shelving scheme Damaged status Not for loan Collection Home library Current library Shelving location Date acquired Source of acquisition Cost, normal purchase price Inventory number Total Checkouts Full call number Barcode Date last seen Price effective from Koha item type
    Colon Classification (CC)     Non-fiction Law Centre-II Library Law Centre-II Library General Stacks 2025-05-21 Prolific Publication 1595.00 110/22.01.2019   V2:2: (Z) Q18 LT0026902 2025-05-21 2025-05-21 Reference
    Colon Classification (CC)     Non-fiction Law Centre-II Library Law Centre-II Library General Stacks 2025-05-21 Prolific Publication 1595.00 110/22.01.2019   V2:2: (Z) Q18 LT0026903 2025-05-21 2025-05-21 Reference
    Colon Classification (CC)     Non-fiction Law Centre-II Library Law Centre-II Library General Stacks 2025-05-21 Prolific Publication 1595.00 110/22.01.2019   V2:2: (Z) Q18 LT0026904 2025-05-21 2025-05-21 Reference
    Colon Classification (CC)     Non-fiction Law Centre-II Library Law Centre-II Library General Stacks 2025-05-21 Prolific Publication 1595.00 110/22.01.2019   V2:2: (Z) Q18 LT0026905 2025-05-21 2025-05-21 Reference
    Colon Classification (CC)     Non-fiction Law Centre-II Library Law Centre-II Library General Stacks 2025-05-21 Prolific Publication 1595.00 110/22.01.2019   V2:2: (Z) Q18 LT0026906 2025-05-21 2025-05-21 Reference
Copyright @ Delhi University Library System